Catalog

Record Details

Catalog Search



Maria, zrcadlo církve  Cover Image Book Book

Maria, zrcadlo církve / Raniero Cantalamessa ; [z italštiny přeložila Terezie Brichtová ; vazba a grafická úprava Anna Kubů]

Summary:

Autor je znám také v souvislosti s katolickým hnutím charismatické obnovy v Duchu Svatém. Téma knihy je sice tak staré jako katolická víra, ale je aktuální z hlediska dnešního objevování Matky Boží a jejího dnešního zvýrazňování ve víře katolíků. Cantalam
Teologické úvahy o Panně Marii a meditace nad důsledky Mariiných postojů pro církev a věřící.

Record details

  • ISBN: 80-85527-80-4
  • Physical Description: 223 s., [3] s. barev. obr. ; 21 cm
  • Edition: 1. vyd. v KN
  • Publisher: Kostelní Vydří : Karmelitánské nakladatelství, 1995

Content descriptions

Bibliography, etc. Note:
Odkazy na lit.
Subject: Bible
křesťanské církve
Genre: studie

Available copies

  • 1 of 1 copy available at Common Catalog SPOK.

Holds

  • 0 current holds with 1 total copy.
Show Only Available Copies
Location Call Number / Copy Notes Barcode Shelving Location Status Due Date
Jabok Library ST-3.11 424480009148 Odborná literatura Available -

LDR 01976nam a22004933a 4500
0016644
003CZ-PrJAB
00520160922075011.0
007ta
008950501s1995 xr cze d
015 . ‡acnb000094125
020 . ‡a80-85527-80-4
035 . ‡a(CZ PrSKC)m0153291
035 . ‡a(OCoLC)36610054
040 . ‡aCBA001 ‡bcze
0411 . ‡acze ‡hita
080 . ‡a27 ‡2MRF
080 . ‡a27-23/-28 ‡2MRF
080 . ‡a27-3 ‡2MRF
1001 . ‡aCantalamessa, Raniero, ‡d1934- ‡7jn19990001318 ‡4aut
24510. ‡aMaria, zrcadlo církve / ‡cRaniero Cantalamessa ; [z italštiny přeložila Terezie Brichtová ; vazba a grafická úprava Anna Kubů]
250 . ‡a1. vyd. v KN
260 . ‡aKostelní Vydří : ‡bKarmelitánské nakladatelství, ‡c1995
300 . ‡a223 s., [3] s. barev. obr. ; ‡c21 cm
504 . ‡aOdkazy na lit.
520 . ‡aAutor je znám také v souvislosti s katolickým hnutím charismatické obnovy v Duchu Svatém. Téma knihy je sice tak staré jako katolická víra, ale je aktuální z hlediska dnešního objevování Matky Boží a jejího dnešního zvýrazňování ve víře katolíků. Cantalam
520 . ‡aTeologické úvahy o Panně Marii a meditace nad důsledky Mariiných postojů pro církev a věřící.
63007. ‡aBible ‡7unn2006374667 ‡2czenas
650 7. ‡akřesťanské církve ‡7ph122117 ‡2czenas
655 7. ‡astudie ‡7fd133597 ‡2czenas
7001 . ‡aKubů, Anna ‡4oth
7650 . ‡tMaria uno specchio per la chiesa ‡9Česky
910 . ‡aABG312
901 . ‡a6644 ‡bUnknown ‡c6644 ‡tbiblio

Additional Resources